000 00858nam a2200253Ia 4500
003 OSt
005 20220923215216.0
006 a|||||r|||| 00| 0
007 ta
008 220922b |||||||| |||| 00| 0 hin d
024 _a176,567
037 _cTextual
040 _aARTS
_cARTS
_bhin
041 _2hin
_ahin
082 _aO152,1:gN, M2
100 _aतिवारी, नित्यानंद
245 0 _aआधुनिक साहित्य और इतिहास बोध
246 _aĀdhunik sāhitya aur itihās bodha
260 _aदिल्ली
_b वाणी प्रकाशन
_c1982
300 _a155 पृ.
_ccm.
650 _aहिन्दी साहित्य
_9156264
942 _hO152,1:gN, M2
_cTEXL
_2CC
999 _c330117
_d330117